Vista normal
Vista MARC
Entrada Nombre geográfico
Número de registros utilizados en: 2
001 - NÚMERO DE CONTROL
- campo de control: 18521
003 - IDENTIFICADOR DEL NÚMERO DE CONTROL
- campo de control: DO-SdBNP
005 - FECHA Y HORA DE LA ÚLTIMA TRANSACCIÓN
- campo de control: 20211124115254.0
008 - DATOS DE LONGITUD FIJA
- campo de control de longitud fija: 200615|| aca||aabn | a|a d
040 ## - FUENTE DE LA CATALOGACIÓN
- Centro catalogador/agencia de origen: DO-SdBNP
- Centro/agencia transcriptor: BNPHU
- Lengua de catalogación: spa
043 ## - CÓDIGO DE ÁREA GEOGRÁFICA
- Código de área geográfica: Inca---
151 ## - ENCABEZAMIENTO--NOMBRE GEOGRÁFICO
- Nombre geográfico: Islas Canarias
368 ## - OTROS ATRIBUTOS DE PERSONA O ENTIDAD CORPORATIVA
- Tipo de entidad corporativa: Comunidades autónomas
370 ## - LUGAR ASOCIADO
- País asociado: España
370 ## - LUGAR ASOCIADO
- Otro lugar asociado: Islas del atlántico
370 ## - LUGAR ASOCIADO
- Lugar de nacimiento: Macronesia
451 ## - TRAZADO DE VÉASE--NOMBRE GEOGRÁFICO
- Nombre geográfico: Archipiélago Canario
451 ## - TRAZADO DE VÉASE--NOMBRE GEOGRÁFICO
- Nombre geográfico: Canarias (Islas)
451 ## - TRAZADO DE VÉASE--NOMBRE GEOGRÁFICO
- Nombre geográfico: Comunidad Autónoma de Canarias
670 ## - FUENTE DE DATOS ENCONTRADOS
- Cita de la fuente: Work cat.: (OSt)6450: Castro Alfín, Demetrio, 1951- 18520, Historia de las Islas Canarias :, 1983.
